Baby Girl Names starting with C - Statistics

General Stats
  • This quiz has been taken 226 times
  • The average score is 22 of 52
Answer Stats
Answer % Correct
Charlotte
85%
Caroline
81%
Catherine
79%
Christina
74%
Christine
70%
Cora
69%
Clara
68%
Camilla
67%
Camilla
67%
Claire
66%
Cassandra
64%
Cara
62%
Callie
58%
Carly
58%
Charli
57%
Camille
54%
Carolina
54%
Carmen
52%
Cynthia
52%
Cassidy
48%
Cecilia
48%
Celia
47%
Chelsea
47%
Charlie
44%
Crystal
44%
Casey
42%
Cameron
41%
Charlee
40%
Clarissa
38%
Corinne
38%
Carolyn
35%
Clare
35%
Cali
34%
Claudia
33%
Cadence
32%
Celine
32%
Coraline
32%
Celeste
29%
Calliope
22%
Cheyenne
22%
Colette
21%
Carter
19%
Catalina
19%
Clementine
18%
Camryn
17%
Cecelia
13%
Chanel
13%
Charley
11%
Cataleya
9%
Collins
8%
Chana
7%
Charleigh
3%
No matching quizzes found
Score Distribution
Percent of People with Each Score
Percentile by Number Answered
Your Score History
You have not taken this quiz